[Event "Chania Theodorakis Memorial 1st"]
[Site "Chania"]
[Date "2022.04.26"]
[Round "2"]
[White "Poysti, Nathanael Nicolai"]
[Black "Le Pen, Michel"]
[Result "1-0"]
[WhiteElo "2190"]
[BlackElo "1672"]
[PlyCount "65"]
[EventDate "2022.04.25"]
[EventType "swiss"]
[EventRounds "9"]
[EventCountry "GRE"]
[SourceTitle "CBM 208 Extra"]
[Source "ChessBase"]
[SourceDate "2022.07.31"]
[SourceVersion "1"]
[SourceVersionDate "2022.07.31"]
[SourceQuality "1"]

1. c4 e6 2. Nc3 Nf6 3. e4 d6 4. Nf3 c5 5. d4 cxd4 6. Nxd4 Be7 7. Be2 0-0 8. 0-0 Nc6 9. Be3 Nxd4 10. Bxd4 Bd7 11. Qd2 Bc6 12. f3 Qc7 13. Rac1 Rfd8 14. Nd5 Bxd5 15. cxd5 Qd7 16. dxe6 fxe6 17. Qa5 b6 18. Qa6 Rdc8 19. Bb5 Qd8 20. Bc6 Rab8 21. Qxa7 Rc7 22. Qa4 Qc8 23. Be3 d5 24. Bf4 Bc5+ 25. Kh1 dxe4 26. Bxc7 Qxc7 27. Bxe4 Qe5 28. Qc2 Bd6 29. g3 Qh5 30. Kg2 Rf8 31. Rce1 Nxe4 32. Qxe4 e5 33. Qd5+ 1-0

[Event "Cholet-B"]
[Site "Cholet"]
[Date "2011.03.10"]
[Round "8"]
[White "Louf, Claude"]
[Black "Le Pen, Michel"]
[Result "0-1"]
[WhiteElo "1633"]
[BlackElo "1739"]
[PlyCount "66"]
[EventDate "2011.03.05"]
[EventType "tourn"]
[EventRounds "9"]
[EventCountry "FRA"]
[SourceTitle "EXT 2012"]
[Source "ChessBase"]
[SourceDate "2011.11.24"]
[SourceVersion "1"]
[SourceVersionDate "2011.11.24"]
[SourceQuality "1"]

1. e4 c5 2. Nf3 e6 3. d4 cxd4 4. Nxd4 Nc6 5. a3 Bc5 6. Nf3 Nf6 7. Bd3 Qc7 8. h3 a6 9. Nc3 b5 10. Bd2 Bb7 11. Qe2 Ne7 12. b4 Bb6 13. Rc1 Ng6 14. Nd1 Nf4 15. Bxf4 Qxf4 16. Ne3 Bxe3 17. fxe3 Qg3+ 18. Kf1 Bxe4 19. Bxe4 Nxe4 20. c4 Qc7 21. Qe1 Ng3+ 22. Kg1 Nxh1 23. cxb5 Qb6 24. Kxh1 axb5 25. Qc3 0-0 26. Ne5 Qb7 27. Rd1 d5 28. Qd3 Qc7 29. Ng4 Qc4 30. Qd2 Rfc8 31. Qf2 Qc2 32. Rd2 Qf5 33. Qg3 Rc1+ 0-1

[Event "Cholet-B"]
[Site "Cholet"]
[Date "2011.03.08"]
[Round "5"]
[White "Le Pen, Michel"]
[Black "Joyeux, Gerard"]
[Result "1-0"]
[WhiteElo "1739"]
[BlackElo "1643"]
[PlyCount "95"]
[EventDate "2011.03.05"]
[EventType "tourn"]
[EventRounds "9"]
[EventCountry "FRA"]
[SourceTitle "EXT 2012"]
[Source "ChessBase"]
[SourceDate "2011.11.24"]
[SourceVersion "1"]
[SourceVersionDate "2011.11.24"]
[SourceQuality "1"]

1. e4 c5 2. Nf3 a6 3. d4 cxd4 4. Nxd4 Nf6 5. Nc3 e5 6. Nb3 Bb4 7. Bd3 d5 8. 0-0 Bxc3 9. bxc3 0-0 10. exd5 e4 11. Be2 Qxd5 12. Be3 Qxd1 13. Raxd1 Bg4 14. Bxg4 Nxg4 15. Nc5 Nxe3 16. fxe3 b5 17. Nxe4 Nc6 18. Rd7 Ne5 19. Re7 Rfe8 20. Rxe8+ Rxe8 21. Nc5 a5 22. Rd1 f6 23. Rb1 Rb8 24. a4 b4 25. cxb4 Rxb4 26. Rxb4 axb4 27. a5 Nc6 28. a6 Kf7 29. Nd3 Ke8 30. Nxb4 Na7 31. Kf2 Kd7 32. Kf3 Kc7 33. Ke4 Kb6 34. Kd5 Kb5 35. c3 Nc8 36. Ke6 Kc4 37. Kd7 Na7 38. Kc7 Kxc3 39. Nc6 Nb5+ 40. Kb6 Kc4 41. Nd4 Nd6 42. Kc6 Nc8 43. Kc7 Kc5 44. Ne6+ Kb5 45. Kxc8 Kxa6 46. Nxg7 Kb6 47. Kd7 Kc5 48. Ke6 1-0

[Event "Cholet-B"]
[Site "Cholet"]
[Date "2011.03.05"]
[Round "1"]
[White "Audrain, Gilles"]
[Black "Le Pen, Michel"]
[Result "1/2-1/2"]
[WhiteElo "1650"]
[BlackElo "1739"]
[PlyCount "109"]
[EventDate "2011.03.05"]
[EventType "tourn"]
[EventRounds "9"]
[EventCountry "FRA"]
[SourceTitle "EXT 2012"]
[Source "ChessBase"]
[SourceDate "2011.11.24"]
[SourceVersion "1"]
[SourceVersionDate "2011.11.24"]
[SourceQuality "1"]

1. e4 c5 2. Nf3 e6 3. Bb5 a6 4. Be2 Nc6 5. d4 cxd4 6. Nxd4 Nf6 7. Nxc6 bxc6 8. Bd3 Bb7 9. Nc3 Bb4 10. Bd2 d5 11. e5 Nd7 12. Qg4 Bf8 13. Qh5 g6 14. Qe2 Bg7 15. Bf4 Qc7 16. h4 Bxe5 17. Bd2 Bf4 18. h5 Bxd2+ 19. Qxd2 Qe5+ 20. Be2 g5 21. 0-0-0 Qf4 22. Qxf4 gxf4 23. Bg4 f5 24. Bf3 e5 25. h6 e4 26. Bh5+ Ke7 27. Ne2 c5 28. Nxf4 d4 29. Rhg1 Nf6 30. g4 fxg4 31. Bxg4 Rhg8 32. Be6 Rxg1 33. Rxg1 Kd6 34. Bc4 Bd5 35. Bxd5 Nxd5 36. Nh5 Rf8 37. Ng3 Ke5 38. Re1 e3 39. fxe3 dxe3 40. c4 Rf3 41. Nf1 Nb4 42. Rxe3+ Rxe3 43. Nxe3 Nxa2+ 44. Kc2 Nb4+ 45. Kc3 Kf6 46. Nd5+ Nxd5+ 47. cxd5 Ke5 48. Kc4 Kd6 49. b3 a5 50. Kb5 Kxd5 51. Kxa5 Kc6 52. Ka6 Kc7 53. Kb5 Kd6 54. Kb6 Kd5 55. Kb5 1/2-1/2

[Event "Pays de Loire-chT"]
[Site "Cholet"]
[Date "2009.??.??"]
[Round "4"]
[White "Bouvet, Florian"]
[Black "Le Pen, Michel"]
[Result "1/2-1/2"]
[WhiteElo "1559"]
[BlackElo "1780"]
[PlyCount "44"]
[EventDate "2009.06.??"]
[EventType "team-tourn"]
[EventRounds "6"]
[EventCountry "FRA"]
[SourceTitle "EXT 2010"]
[Source "ChessBase"]
[SourceDate "2010.11.25"]
[SourceVersion "1"]
[SourceVersionDate "2010.11.25"]
[SourceQuality "1"]

1. e4 e6 2. d4 d5 3. exd5 exd5 4. Bd3 Bd6 5. c3 Nf6 6. Nf3 Bg4 7. Bg5 h6 8. Be3 Nbd7 9. Nbd2 Nf8 10. Qc2 Ne6 11. h3 Bxf3 12. Nxf3 Nf4 13. Bxf4 Bxf4 14. 0-0 0-0 15. Rfe1 c6 16. Re2 Bd6 17. Rae1 Nh5 18. g3 c5 19. dxc5 Bxc5 20. Kg2 Qc7 21. Re5 Nf6 22. R5e2 Nh5 1/2-1/2

[Event "Pays de Loire-chT"]
[Site "Cholet"]
[Date "2009.??.??"]
[Round "5"]
[White "Le Pen, Michel"]
[Black "Trouve, Guillaume"]
[Result "0-1"]
[WhiteElo "1780"]
[BlackElo "1570"]
[PlyCount "78"]
[EventDate "2009.06.??"]
[EventType "team-tourn"]
[EventRounds "6"]
[EventCountry "FRA"]
[SourceTitle "EXT 2010"]
[Source "ChessBase"]
[SourceDate "2010.11.25"]
[SourceVersion "1"]
[SourceVersionDate "2010.11.25"]
[SourceQuality "1"]

1. e4 e5 2. Nf3 Nc6 3. Bb5 a6 4. Ba4 Nf6 5. d3 b5 6. Bb3 Be7 7. c3 Bb7 8. 0-0 0-0 9. h3 d6 10. Re1 Qd7 11. Nbd2 Rad8 12. Nf1 Rfe8 13. Ng5 Rf8 14. Ng3 h6 15. Nf3 Rfe8 16. Nf5 d5 17. Nxe7+ Rxe7 18. exd5 Nxd5 19. Nh4 Nf6 20. Bc2 Rde8 21. Be3 e4 22. dxe4 Qxd1 23. Raxd1 Nxe4 24. f3 Nxc3 25. bxc3 Rxe3 26. Rxe3 Rxe3 27. Nf5 Rxc3 28. Ne7+ Kf8 29. Nxc6 Bxc6 30. Bb3 a5 31. Rd8+ Ke7 32. Rd2 a4 33. Bd1 Ke6 34. Kf2 Bd5 35. Re2+ Kd7 36. Rd2 c6 37. Bc2 Kc7 38. Bd1 Ra3 39. g4 Rxa2 0-1

[Event "Pays de Loire-chT"]
[Site "Cholet"]
[Date "2009.??.??"]
[Round "6"]
[White "Somerville, Quentin"]
[Black "Le Pen, Michel"]
[Result "1-0"]
[WhiteElo "1704"]
[BlackElo "1780"]
[PlyCount "61"]
[EventDate "2009.06.??"]
[EventType "team-tourn"]
[EventRounds "6"]
[EventCountry "FRA"]
[SourceTitle "EXT 2010"]
[Source "ChessBase"]
[SourceDate "2010.11.25"]
[SourceVersion "1"]
[SourceVersionDate "2010.11.25"]
[SourceQuality "1"]

1. e4 e6 2. d4 d5 3. Nc3 dxe4 4. Nxe4 Nd7 5. Nf3 Ngf6 6. Bg5 Be7 7. Nxf6+ Bxf6 8. Bxf6 Qxf6 9. Bd3 0-0 10. 0-0 c5 11. c3 cxd4 12. Nxd4 a6 13. Re1 Nc5 14. Bc2 Rd8 15. Qh5 Rd5 16. Qxh7+ Kf8 17. Nf3 b5 18. Qh8+ Ke7 19. Qh4 g5 20. Qb4 Bd7 21. a4 a5 22. Qa3 g4 23. Nd4 bxa4 24. Be4 g3 25. hxg3 Rh5 26. g4 Rh1+ 27. Kxh1 Rh8+ 28. Kg1 Qe5 29. g3 Qc7 30. Nc6+ Bxc6 31. Qxc5+ 1-0

[Event "FRA-chT4 0506"]
[Site "France"]
[Date "2005.11.20"]
[Round "3"]
[White "Le Pen, Michel"]
[Black "Bioret, Denis"]
[Result "1-0"]
[WhiteElo "1790"]
[BlackElo "1780"]
[PlyCount "61"]
[EventDate "2005.10.02"]
[EventType "team"]
[EventRounds "9"]
[EventCountry "FRA"]
[SourceTitle "EXT 2007"]
[Source "ChessBase"]
[SourceDate "2006.11.23"]
[SourceVersion "1"]
[SourceVersionDate "2006.11.23"]
[SourceQuality "1"]

1. e4 c5 2. Nf3 d6 3. d4 cxd4 4. Nxd4 Nf6 5. Nc3 a6 6. Bd3 Nc6 7. Nxc6 bxc6 8. Bg5 e6 9. Qd2 Be7 10. f3 e5 11. 0-0 0-0 12. Kh1 Nh5 13. Be3 Bh4 14. Rad1 h6 15. Ne2 Be7 16. Bc4 Be6 17. Bxe6 fxe6 18. g4 Nf6 19. Ng3 d5 20. g5 hxg5 21. Bxg5 Kf7 22. f4 Qd6 23. fxe5 Qxe5 24. Bf4 Qxb2 25. Rb1 Qa3 26. e5 Ne4 27. Nxe4 dxe4 28. Qd7 Kg8 29. Qxe6+ Kh8 30. Rb3 Qc5 31. Rh3+ 1-0

[Event "Gorges op 14th"]
[Site "Gorges"]
[Date "2004.07.05"]
[Round "3"]
[White "Peixoto, Victor"]
[Black "Le Pen, Michel"]
[Result "1/2-1/2"]
[WhiteElo "1510"]
[BlackElo "1700"]
[PlyCount "68"]
[EventDate "2004.07.08"]
[EventType "swiss"]
[EventRounds "7"]
[EventCountry "FRA"]
[SourceTitle "EXT 2005"]
[Source "ChessBase"]
[SourceDate "2004.11.15"]
[SourceVersion "1"]
[SourceVersionDate "2004.11.15"]
[SourceQuality "1"]

1. d4 Nf6 2. c4 e5 3. dxe5 Ng4 4. Nf3 Bc5 5. e3 Nc6 6. Nbd2 0-0 7. h3 Ngxe5 8. Nxe5 Nxe5 9. Nf3 Qe7 10. a3 a5 11. Nxe5 Qxe5 12. Bd3 Ra6 13. Qc2 Rh6 14. Bd2 f5 15. Bc3 Qe6 16. 0-0-0 b6 17. Rhf1 Ba6 18. b4 axb4 19. axb4 Bd6 20. Qb2 Qf7 21. b5 Qe7 22. Kb1 Bb7 23. g4 Ba3 24. Qa2 Kh8 25. Bxf5 Rxf5 26. gxf5 Be4+ 27. Ka1 Bxf5 28. Rg1 Rg6 29. Rxg6 hxg6 30. Rg1 Be6 31. Rxg6 Qd6 32. Rxg7 Bb2+ 33. Bxb2 Qd1+ 34. Qb1 Qa4+ 1/2-1/2

[Event "Nantes op 2nd"]
[Site "Nantes"]
[Date "2003.??.??"]
[Round "6"]
[White "Le Pen, Michel"]
[Black "Lebouc, Yann"]
[Result "1-0"]
[WhiteElo "1600"]
[BlackElo "1870"]
[PlyCount "47"]
[EventDate "2003.12.26"]
[EventType "swiss"]
[EventRounds "9"]
[EventCountry "FRA"]
[SourceTitle "CBM 097 Extra"]
[Source "ChessBase"]
[SourceDate "2004.01.13"]
[SourceVersion "1"]
[SourceVersionDate "2004.01.13"]
[SourceQuality "1"]

1. e4 e6 2. d4 d5 3. Nd2 Nf6 4. e5 Nfd7 5. Bd3 c5 6. c3 Nc6 7. Ne2 cxd4 8. cxd4 Be7 9. 0-0 0-0 10. f4 f6 11. Nf3 fxe5 12. fxe5 Rb8 13. Kh1 Nb6 14. a3 Bd7 15. Bc2 Nc4 16. b3 N4a5 17. Qd3 g6 18. Bd2 Rc8 19. Nf4 Qe8 20. Nh5 Bd8 21. Bh6 Nxe5 22. Nxe5 Rxf1+ 23. Rxf1 Bb5 24. Qxb5 1-0

[Event "Nantes op 2nd"]
[Site "Nantes"]
[Date "2003.??.??"]
[Round "3"]
[White "Le Pen, Michel"]
[Black "Poulhalec, Jean Francois"]
[Result "1/2-1/2"]
[WhiteElo "1600"]
[BlackElo "1730"]
[PlyCount "65"]
[EventDate "2003.12.26"]
[EventType "swiss"]
[EventRounds "9"]
[EventCountry "FRA"]
[SourceTitle "CBM 097 Extra"]
[Source "ChessBase"]
[SourceDate "2004.01.13"]
[SourceVersion "1"]
[SourceVersionDate "2004.01.13"]
[SourceQuality "1"]

1. e4 c5 2. Nf3 d6 3. d4 cxd4 4. Nxd4 Nf6 5. Nc3 a6 6. Be2 e6 7. Be3 Be7 8. Qd2 Bd7 9. f3 Nc6 10. Nb3 Qc7 11. g4 0-0 12. 0-0-0 Rfd8 13. h4 b5 14. h5 Ne5 15. g5 Ne8 16. f4 Nc4 17. Bxc4 Qxc4 18. Qe2 Qxe2 19. Nxe2 Bc6 20. Ng3 d5 21. Na5 Rac8 22. Nxc6 Rxc6 23. exd5 exd5 24. Nf5 Bf8 25. Bd4 Rdc8 26. Rd2 Re6 27. Rg1 g6 28. hxg6 fxg6 29. Nh4 Bd6 30. Rf1 Re4 31. Ng2 Rc4 32. c3 b4 33. Kc2 1/2-1/2